<?xml version="1.0" encoding="UTF-8"?>
<record
    xmlns:xsi="http://www.w3.org/2001/XMLSchema-instance"
    xsi:schemaLocation="http://www.loc.gov/MARC21/slim http://www.loc.gov/standards/marcxml/schema/MARC21slim.xsd"
    xmlns="http://www.loc.gov/MARC21/slim">

  <leader>00602nam a22001937a 4500</leader>
  <controlfield tag="005">20230906151405.0</controlfield>
  <datafield tag="010" ind1=" " ind2=" ">
    <subfield code="a">UR-12213</subfield>
  </datafield>
  <datafield tag="020" ind1=" " ind2=" ">
    <subfield code="a">9789358108866</subfield>
    <subfield code="c">850.00</subfield>
  </datafield>
  <datafield tag="035" ind1=" " ind2=" ">
    <subfield code="a">U-10768</subfield>
  </datafield>
  <datafield tag="037" ind1=" " ind2=" ">
    <subfield code="b">DBAD/PUB</subfield>
    <subfield code="a">-</subfield>
  </datafield>
  <datafield tag="082" ind1=" " ind2=" ">
    <subfield code="a">&#x646;</subfield>
  </datafield>
  <datafield tag="100" ind1=" " ind2=" ">
    <subfield code="a">&#x634;&#x628;&#x651;&#x6CC;&#x631; &#x627;&#x62D;&#x645;&#x62F;</subfield>
    <subfield code="9">56062</subfield>
  </datafield>
  <datafield tag="245" ind1=" " ind2=" ">
    <subfield code="a">&#x628;&#x62F;&#x631;&#x648;&#x6BE;&#x6CC; /</subfield>
    <subfield code="c">&#x634;&#x628;&#x651;&#x6CC;&#x631; &#x627;&#x62D;&#x645;&#x62F;</subfield>
    <subfield code="h">&#x627; &#x631; &#x62F; &#x648;</subfield>
  </datafield>
  <datafield tag="246" ind1=" " ind2=" ">
    <subfield code="a">Bidrohi : The Rebel in the Making /</subfield>
    <subfield code="b">by Shabbir Ahmed</subfield>
  </datafield>
  <datafield tag="260" ind1=" " ind2=" ">
    <subfield code="a">&#x6A9;&#x648;&#x644;&#x6A9;&#x627;&#x62A;&#x627;</subfield>
    <subfield code="b">&#x632;&#x648;&#x6CC;&#x627; &#x67E;&#x628;&#x644;&#x6CC; &#x6A9;&#x6D2;&#x634;&#x646;&#x632;</subfield>
    <subfield code="c">2023 &#x621;  </subfield>
  </datafield>
  <datafield tag="300" ind1=" " ind2=" ">
    <subfield code="a">720 &#x635;</subfield>
    <subfield code="c">23cm(Hb)</subfield>
  </datafield>
  <datafield tag="700" ind1=" " ind2=" ">
    <subfield code="a">&#x645;&#x631;&#x62A;&#x628;&#x6D4; &#x62F;&#x631;&#x62F;&#x627;&#x646;&#x6C1;  &#x642;&#x628;&#x633;&#x6CC;</subfield>
    <subfield code="9">56000</subfield>
  </datafield>
  <datafield tag="942" ind1=" " ind2=" ">
    <subfield code="2">ddc</subfield>
    <subfield code="c">UR</subfield>
    <subfield code="h">&#x646;</subfield>
    <subfield code="m">&#x634; &#x628; &#x6CC;</subfield>
  </datafield>
  <datafield tag="999" ind1=" " ind2=" ">
    <subfield code="c">197925</subfield>
    <subfield code="d">197925</subfield>
  </datafield>
  <datafield tag="952" ind1=" " ind2=" ">
    <subfield code="0">0</subfield>
    <subfield code="1">0</subfield>
    <subfield code="4">0</subfield>
    <subfield code="7">0</subfield>
    <subfield code="8">FIC</subfield>
    <subfield code="a">ZLS</subfield>
    <subfield code="b">ZLS</subfield>
    <subfield code="d">2023-09-06</subfield>
    <subfield code="e">DBAD/PUB</subfield>
    <subfield code="g">850.00</subfield>
    <subfield code="l">0</subfield>
    <subfield code="o">&#x646; &#x634; &#x628; &#x6CC;</subfield>
    <subfield code="p">U-10768</subfield>
    <subfield code="r">2023-09-06 00:00:00</subfield>
    <subfield code="t">1</subfield>
    <subfield code="v">850.00</subfield>
    <subfield code="w">2023-09-06</subfield>
    <subfield code="y">UR</subfield>
  </datafield>
</record>
